|
|
|
|
| LEADER |
02394cam a2200673 i 4500 |
| 001 |
nkc20193130907 |
| 003 |
CZ PrNK |
| 005 |
20200819154338.0 |
| 007 |
ta |
| 008 |
190821s2019 xr a b f 000 0 cze d |
| 015 |
|
|
|a cnb003130907
|
| 020 |
|
|
|a 978-80-7491-281-8
|q (vázáno) :
|c Kč 499,00
|
| 035 |
|
|
|a (OCoLC)1122794607
|
| 040 |
|
|
|a KLG001
|b cze
|d OLA001
|e rda
|
| 041 |
1 |
|
|a cze
|h pol
|
| 043 |
|
|
|a e-gr---
|
| 072 |
|
7 |
|a 25
|x Náboženství, mytologie, kulty
|2 Konspekt
|9 5
|
| 072 |
|
7 |
|a 0/9-053.2
|x Literatura pro děti a mládež (naučná)
|2 Konspekt
|9 26
|
| 080 |
|
|
|a 255.2
|2 MRF
|
| 080 |
|
|
|a 930.85
|2 MRF
|
| 080 |
|
|
|a 793.7
|2 MRF
|
| 080 |
|
|
|a 003.628-025.38
|2 MRF
|
| 080 |
|
|
|a (38)
|2 MRF
|
| 080 |
|
|
|a (0.062)
|2 MRF
|
| 080 |
|
|
|a (0.027.6)74/77
|2 MRF
|
| 080 |
|
|
|a (0.053.2)
|2 MRF
|
| 100 |
1 |
|
|a Bajtlik, Jan,
|d 1989-
|7 xx0202228
|4 aut
|
| 240 |
1 |
0 |
|a Nić Ariadny.
|l Česky
|
| 245 |
1 |
0 |
|a Ariadnina nit :
|b mýty a labyrinty /
|c Jan Bajtlik
|
| 250 |
|
|
|a První vydání
|
| 264 |
|
1 |
|a Brno :
|b Host,
|c 2019
|
| 300 |
|
|
|a 71 stran :
|b ilustrace (převážně barevné) ;
|c 38 cm
|
| 336 |
|
|
|a text
|b txt
|2 rdacontent
|
| 336 |
|
|
|a statický obraz
|b sti
|2 rdacontent
|
| 337 |
|
|
|a bez média
|b n
|2 rdamedia
|
| 338 |
|
|
|a svazek
|b nc
|2 rdacarrier
|
| 500 |
|
|
|a Z polštiny přeložila Michala Benešová
|
| 650 |
0 |
7 |
|a řecká mytologie
|7 ph128258
|2 czenas
|
| 650 |
0 |
7 |
|a kulturní dějiny
|7 ph122020
|z starověké Řecko
|2 czenas
|
| 650 |
0 |
7 |
|a hlavolamy
|7 ph120751
|2 czenas
|
| 650 |
0 |
7 |
|a labyrinty
|7 ph319045
|2 czenas
|
| 650 |
0 |
9 |
|a Greek mythology
|2 eczenas
|
| 650 |
0 |
9 |
|a cultural history
|z ancient Greece
|2 eczenas
|
| 650 |
0 |
9 |
|a puzzles
|2 eczenas
|
| 650 |
0 |
9 |
|a labyrinths
|2 eczenas
|
| 655 |
|
7 |
|a populárně-naučné publikace
|7 fd131864
|2 czenas
|
| 655 |
|
7 |
|a autorské knihy
|7 fd756049
|2 czenas
|
| 655 |
|
7 |
|a publikace pro děti
|7 fd133156
|2 czenas
|
| 655 |
|
9 |
|a popular works
|2 eczenas
|
| 655 |
|
9 |
|a authors' books
|2 eczenas
|
| 655 |
|
9 |
|a children's literature
|2 eczenas
|
| 700 |
1 |
|
|a Benešová, Michala,
|d 1982-
|7 js20080718001
|4 trl
|
| 910 |
2 |
|
|a BOA001
|b 5-1432.888
|
| 920 |
|
|
|a 1249727
|z KLG001
|
| 990 |
|
|
|a BK
|
| 995 |
|
|
|a 01
|
| 991 |
|
|
|b 201909
|c NOV
|
| 996 |
6 |
|
|b 2610793242
|c 5-1432.888
|l MZK
|r Sklad / do 24 hodin
|n 2
|p p.v.
|w 001752217
|u 000010
|a 1
|e BOA001
|j MZK50
|s P
|
| 996 |
6 |
|
|b 2610793243
|c 5-1432.888
|l MZK
|r Sklad / do 24 hodin
|n 1
|p p.v.
|w 001752217
|u 000020
|a 1
|e BOA001
|j MZK50
|s P
|